Online katalóg knižníc regiónu Turca

Rozum pod lavicou, alebo čo nenájdeš v učebnici (Record no. 22576)

MARC details
000 -LEADER
fixed length control field 01214nam a2200349 a 4500
001 - CONTROL NUMBER
control field 22576
003 - CONTROL NUMBER IDENTIFIER
control field SK-KTurca
005 - DATE AND TIME OF LATEST TRANSACTION
control field 20260401140500.0
008 - FIXED-LENGTH DATA ELEMENTS--GENERAL INFORMATION
fixed length control field 090726s2006 xo a 000 0 slo d
020 ## - INTERNATIONAL STANDARD BOOK NUMBER
International Standard Book Number 8055112401 (viaz.)
035 ## - SYSTEM CONTROL NUMBER
System control number (SVKBBclas03)vtls000247441
040 ## - CATALOGING SOURCE
Original cataloging agency SVKBB
Language of cataloging slo
Transcribing agency SVKBB
Description conventions AACR2
041 1# - LANGUAGE CODE
Language code of text/sound track or separate title slo
Language code of original cze
080 ## - UNIVERSAL DECIMAL CLASSIFICATION NUMBER
Universal Decimal Classification number 087.5
080 ## - UNIVERSAL DECIMAL CLASSIFICATION NUMBER
Universal Decimal Classification number 929 A/Z
080 ## - UNIVERSAL DECIMAL CLASSIFICATION NUMBER
Universal Decimal Classification number 398.9
080 ## - UNIVERSAL DECIMAL CLASSIFICATION NUMBER
Universal Decimal Classification number 81`373.45
100 1# - MAIN ENTRY--PERSONAL NAME
Personal name Elmanová, Olga
245 10 - TITLE STATEMENT
Title Rozum pod lavicou, alebo čo nenájdeš v učebnici
Remainder of title úslovia, významné osobnosti, cudzie slová
Statement of responsibility, etc. Olga Elmanová ; z českého originálu preložil Rudolf Čižmárik ; ilustrácie Jiří Fixl
260 ## - PUBLICATION, DISTRIBUTION, ETC.
Place of publication, distribution, etc. Bratislava
Name of publisher, distributor, etc. Ikar
Date of publication, distribution, etc. 2006
300 ## - PHYSICAL DESCRIPTION
Extent 263 .
Other physical details ilustr.
500 ## - GENERAL NOTE
General note Preložené z češtiny
650 17 - SUBJECT ADDED ENTRY--TOPICAL TERM
Topical term or geographic name entry element príslovia a porekadlá
Source of heading or term hŠVKBB
650 17 - SUBJECT ADDED ENTRY--TOPICAL TERM
Topical term or geographic name entry element cudzie slová
Source of heading or term hŠVKBB
650 17 - SUBJECT ADDED ENTRY--TOPICAL TERM
Topical term or geographic name entry element osobnosti
Source of heading or term hŠVKBB
655 #7 - INDEX TERM--GENRE/FORM
Genre/form data or focus term publikácie pre mládež
Source of term hŠVKBB
655 #7 - INDEX TERM--GENRE/FORM
Genre/form data or focus term populárno-náučné publikácie
Source of term hŠVKBB
700 1# - ADDED ENTRY--PERSONAL NAME
Personal name Čižmárik, Rudolf,
Dates associated with a name 1949-2008,
Relator term prekladateľ
Relationship trl
700 1# - ADDED ENTRY--PERSONAL NAME
Personal name Fixl, Jiří,
Dates associated with a name 1950-,
Relator term ilustrátor
Relationship ill
765 0# - ORIGINAL LANGUAGE ENTRY
Title Rozum pod lavicí. Slovensky
Main entry heading Elmanová, Olga
942 ## - ADDED ENTRY ELEMENTS (KOHA)
Source of classification or shelving scheme Dewey Decimal Classification
Koha item type Krásna literatúra pre deti
Suppress in OPAC No
Holdings
Stav vyradenia Strata Poškodenie Spôsob nadobudnutia Domovská knižnica Aktuálna knižnica Dátum nadobudnutia Total checkouts Čiarový kód exemplára Date last seen Typ exemplára
      Dar Obecná knižnica Turčianska Štiavnička Obecná knižnica Turčianska Štiavnička 01.04.2026   4738000905 01.04.2026 Krásna literatúra pre deti
Projekt je podporený Slovenskou asociáciou knižníc
Prevádzkuje Turčianska knižnica Martin 2026